Psicología del lenguaje: fundamentos para educadores y estudiantes de pedagogía

Salvato in:
Dettagli Bibliografici
Autore principale: Bermeosolo Bertrán, Jaime Alberto (Autore)
Natura: Libro
Lingua:spagnolo
Pubblicazione: Santiago Universidad Católica de Chile 2001
Serie:Textos Universitarios
Soggetti:
Tags: Aggiungi Tag
Nessun Tag, puoi essere il primo ad aggiungerne!!

MARC

LEADER 00000nam a2200000 a 4500
001 UCM6363
003 CL-VaPUC
008 021108e20010100CL |||||||||||||||||spa|d
020 |a 9561406098 
082 0 4 |a 401.9  |b BER  |2 21 
100 |a Bermeosolo Bertrán, Jaime Alberto  |e author  |9 574074 
245 1 0 |a Psicología del lenguaje: fundamentos para educadores y estudiantes de pedagogía 
300 |a 427 p 
942 |c BK 
945 |d 20021108 00:00:00  |a vberengu 
260 |a Santiago  |b Universidad Católica de Chile  |c 2001 
650 0 |a Psicolingüística   |9 283371 
650 0 |a Cognición   |9 270347 
650 0 |a Comunicación   |9 257251 
583 |a last modification  |c 20021108 00:00:00  |k Rodrigo Vera 
490 0 |a Textos Universitarios 
999 |c 301773  |d 301771 
952 |0 0  |1 0  |4 0  |6 401_900000000000000_BER_2001  |7 0  |8 A  |9 361393  |a FDOPOS  |b FDOPOS  |d 2019-11-21  |i 3858162  |o 401.9 BER 2001  |p 3858162  |r 2025-01-22  |w 2019-11-21  |y BK  |k MLA 
952 |0 0  |1 0  |4 0  |6 401_900000000000000_BER_2001  |7 0  |8 R  |9 361394  |a BIBEDU  |b BIBEDU  |d 2019-11-21  |i 3865916  |o 401.9 BER 2001  |p 3865916  |r 2023-01-13  |w 2019-11-21  |y BK_R  |k LIT 
952 |0 0  |1 0  |4 0  |6 401_900000000000000_BER_2001  |7 0  |8 A  |9 361395  |a FDOPOS  |b FDOPOS  |d 2019-11-21  |i 3871851  |o 401.9 BER 2001  |p 3871851  |r 2025-01-22  |w 2019-11-21  |y BK  |k MLA 
952 |0 0  |1 0  |4 0  |6 401_900000000000000_BER_2001  |7 0  |8 R  |9 361396  |a BIBEDU  |b BIBEDU  |d 2019-11-21  |i 3898075  |o 401.9 BER 2001  |p 3898075  |r 2023-01-13  |w 2019-11-21  |y BK_R  |k EPE 
952 |0 0  |1 0  |4 0  |6 401_900000000000000_BER_2001  |7 0  |8 R  |9 361397  |a BIBEDU  |b BIBEDU  |d 2019-11-21  |i 3898083  |o 401.9 BER 2001  |p 3898083  |r 2023-01-13  |w 2019-11-21  |y BK_R  |k EPE 
952 |0 0  |1 0  |4 0  |6 401_900000000000000_BER_2001  |7 0  |8 R  |9 361398  |a BIBEDU  |b BIBEDU  |d 2019-11-21  |i 4182936  |o 401.9 BER 2001  |p 4182936  |r 2023-01-13  |w 2019-11-21  |y BK_R  |k EBA 
952 |0 0  |1 0  |4 0  |6 401_900000000000000_BER_2001  |7 0  |8 R  |9 361399  |a BIBEDU  |b BIBEDU  |c MCIRC  |d 2019-11-21  |i 4201612  |o 401.9 BER 2001  |p 4201612  |r 2023-01-13  |w 2019-11-21  |y BK_R  |k EDI 
952 |0 0  |1 0  |4 0  |6 401_900000000000000_BER_2001  |7 0  |8 R  |9 361400  |a BIBEDU  |b BIBEDU  |d 2019-11-21  |i 4201604  |o 401.9 BER 2001  |p 4201604  |r 2023-01-13  |w 2019-11-21  |y BK_R  |k EDI 
952 |0 0  |1 0  |4 0  |6 401_900000000000000_BER_2001  |7 0  |8 R  |9 361401  |a BIBEDU  |b BIBEDU  |d 2019-11-21  |i 424320K  |o 401.9 BER 2001  |p 424320K  |r 2023-01-13  |w 2019-11-21  |y BK_R  |k EBA 
952 |0 0  |1 0  |4 0  |6 401_900000000000000_BER_2001  |7 0  |8 R  |9 361402  |a BIBEDU  |b BIBEDU  |d 2019-11-21  |i 4347064  |o 401.9 BER 2001  |p 4347064  |r 2023-01-13  |w 2019-11-21  |y BK_R  |k EDI 
952 |0 0  |1 0  |4 0  |6 401_900000000000000_BER_2001  |7 0  |8 R  |9 361403  |a BIBEDU  |b BIBEDU  |d 2019-11-21  |i 4347072  |o 401.9 BER 2001  |p 4347072  |r 2023-01-13  |w 2019-11-21  |y BK_R  |k EDI 
952 |0 0  |1 0  |4 0  |6 401_900000000000000_BER_2001  |7 0  |8 A  |9 361404  |a FDOPOS  |b FDOPOS  |d 2019-11-21  |i 4409590  |o 401.9 BER 2001  |p 4409590  |r 2025-01-22  |w 2019-11-21  |y BK  |k MLA 
952 |0 0  |1 0  |4 0  |6 401_900000000000000_BER_2001  |7 0  |8 R  |9 361405  |a BIBEDU  |b BIBEDU  |d 2019-11-21  |i 4613171  |o 401.9 BER 2001  |p 4613171  |r 2023-01-13  |w 2019-11-21  |y BK_R  |k EPE 
952 |0 0  |1 0  |4 0  |6 401_900000000000000_BER_2001  |7 0  |8 R  |9 361406  |a BIBEDU  |b BIBEDU  |c MCIRC  |d 2019-11-21  |i 4650301  |o 401.9 BER 2001  |p 4650301  |r 2023-01-13  |w 2019-11-21  |y BK_R  |k PAR 
952 |0 0  |1 0  |4 0  |6 401_900000000000000_BER_2001  |7 0  |8 R  |9 361407  |a BIBEDU  |b BIBEDU  |d 2019-11-21  |i 465031K  |o 401.9 BER 2001  |p 465031K  |r 2023-01-13  |w 2019-11-21  |y BK_R  |k PAR 
952 |0 0  |1 0  |4 0  |6 401_900000000000000_BER_2001  |7 0  |8 R  |9 361408  |a BIBEDU  |b BIBEDU  |d 2019-11-21  |i 4654846  |o 401.9 BER 2001  |p 4654846  |r 2023-01-13  |w 2019-11-21  |y BK_R  |k PAR 
952 |0 0  |1 0  |4 0  |6 401_900000000000000_BER_2001  |7 0  |8 R  |9 361409  |a BIBEDU  |b BIBEDU  |d 2019-11-21  |i 4654854  |o 401.9 BER 2001  |p 4654854  |r 2023-01-13  |w 2019-11-21  |y BK_R  |k PAR